<?xml version="1.0" encoding="UTF-8"?>
<record
    xmlns:xsi="http://www.w3.org/2001/XMLSchema-instance"
    xsi:schemaLocation="http://www.loc.gov/MARC21/slim http://www.loc.gov/standards/marcxml/schema/MARC21slim.xsd"
    xmlns="http://www.loc.gov/MARC21/slim">

  <leader>00903nam a22002537a 4500</leader>
  <controlfield tag="005">20170123162323.0</controlfield>
  <datafield tag="010" ind1=" " ind2=" ">
    <subfield code="a">B-012699</subfield>
  </datafield>
  <datafield tag="020" ind1=" " ind2=" ">
    <subfield code="c">125.00</subfield>
  </datafield>
  <datafield tag="035" ind1=" " ind2=" ">
    <subfield code="a">B-012699</subfield>
  </datafield>
  <datafield tag="037" ind1=" " ind2=" ">
    <subfield code="b">Cen Lib/Ret</subfield>
  </datafield>
  <datafield tag="040" ind1=" " ind2=" ">
    <subfield code="a">DPL</subfield>
    <subfield code="b">UR</subfield>
  </datafield>
  <datafield tag="082" ind1=" " ind2=" ">
    <subfield code="a">&#x6A9;</subfield>
    <subfield code="b">&#x645; &#x638; &#x647; </subfield>
  </datafield>
  <datafield tag="100" ind1=" " ind2=" ">
    <subfield code="a">&#x645;&#x638;&#x6C1;&#x631;  &#x622;&#x632;&#x645;&#x627;&#x646; &#x62E;&#x627;&#x646; </subfield>
    <subfield code="9">109085</subfield>
  </datafield>
  <datafield tag="245" ind1=" " ind2=" ">
    <subfield code="a">&#x62F;&#x633;&#x62A;&#x6A9;&#x648;&#x6BA; &#x6A9;&#x627; &#x6C1;&#x62A;&#x6BE;&#x6CC;&#x644;&#x6CC;&#x648;&#x6BA; &#x633;&#x6D2; &#x646;&#x6A9;&#x644; &#x62C;&#x627;&#x646;&#x627; :</subfield>
    <subfield code="c"> &#x645;&#x638;&#x6C1;&#x631;  &#x622;&#x632;&#x645;&#x627;&#x646; &#x62E;&#x627;&#x646; </subfield>
    <subfield code="b">&#x627;&#x641;&#x633;&#x627;&#x646;&#x6D2; /</subfield>
  </datafield>
  <datafield tag="246" ind1=" " ind2=" ">
    <subfield code="a">Dastakon ka hathelyon se nikal jana : afsane /</subfield>
    <subfield code="b">by Azhar Azman Khan </subfield>
  </datafield>
  <datafield tag="260" ind1=" " ind2=" ">
    <subfield code="a">&#x646;&#x6CC;&#x6CC; &#x62F;&#x6C1;&#x644;&#x6CC; </subfield>
    <subfield code="b">&#x645;&#x627;&#x688;&#x631;&#x646; &#x67E;&#x628;&#x644;&#x634;&#x646;&#x6AF; &#x6C1;&#x627;&#x624;&#x633;</subfield>
    <subfield code="c">1994</subfield>
  </datafield>
  <datafield tag="270" ind1=" " ind2=" ">
    <subfield code="b">&#x646;&#x6CC;&#x6CC; &#x62F;&#x6C1;&#x644;&#x6CC; </subfield>
    <subfield code="a">&#x669;&#x60C; &#x6AF;&#x648;&#x644;&#x6C1; &#x645;&#x627;&#x631;&#x6A9;&#x6CC;&#x679; &#x62F;&#x631;&#x6CC;&#x627;&#x6AF;&#x646;&#x62C;</subfield>
    <subfield code="e">110001</subfield>
  </datafield>
  <datafield tag="300" ind1=" " ind2=" ">
    <subfield code="a">128p.</subfield>
    <subfield code="c">21cm(Hb)</subfield>
  </datafield>
  <datafield tag="650" ind1=" " ind2=" ">
    <subfield code="a">&#x627;&#x631;&#x62F;&#x648; &#x627;&#x62F;&#x628; </subfield>
    <subfield code="9">118288</subfield>
  </datafield>
  <datafield tag="650" ind1=" " ind2=" ">
    <subfield code="a">&#x627;&#x631;&#x62F;&#x648; &#x627;&#x641;&#x633;&#x627;&#x646;&#x6D2;     </subfield>
    <subfield code="9">118289</subfield>
  </datafield>
  <datafield tag="650" ind1=" " ind2=" ">
    <subfield code="a">Urdu literature </subfield>
    <subfield code="9">118290</subfield>
  </datafield>
  <datafield tag="650" ind1=" " ind2=" ">
    <subfield code="a">Urdu stories </subfield>
    <subfield code="9">118291</subfield>
  </datafield>
  <datafield tag="942" ind1=" " ind2=" ">
    <subfield code="2">ddc</subfield>
    <subfield code="c">UR</subfield>
    <subfield code="h">&#x6A9;</subfield>
    <subfield code="m">&#x645; &#x638; &#x647; </subfield>
  </datafield>
  <datafield tag="999" ind1=" " ind2=" ">
    <subfield code="c">107268</subfield>
    <subfield code="d">107268</subfield>
  </datafield>
  <datafield tag="952" ind1=" " ind2=" ">
    <subfield code="0">0</subfield>
    <subfield code="1">0</subfield>
    <subfield code="4">0</subfield>
    <subfield code="7">0</subfield>
    <subfield code="a">L</subfield>
    <subfield code="b">L</subfield>
    <subfield code="d">2016-01-05</subfield>
    <subfield code="e">Cen Lib/Ret</subfield>
    <subfield code="g">125.00</subfield>
    <subfield code="l">0</subfield>
    <subfield code="o">&#x6A9; &#x645; &#x638; &#x647;</subfield>
    <subfield code="p">B-012699</subfield>
    <subfield code="r">2016-01-05 00:00:00</subfield>
    <subfield code="t">1</subfield>
    <subfield code="v">125.00</subfield>
    <subfield code="w">2016-01-05</subfield>
    <subfield code="y">UR</subfield>
  </datafield>
</record>
